[Event "ROM-ch U10 Boys"]
[Site "Voineasa"]
[Date "2008.04.13"]
[Round "2"]
[White "Panaite, Stefan"]
[Black "Silcov, Octavian Andrei"]
[Result "0-1"]
[WhiteElo "401"]
[BlackElo "404"]
[PlyCount "60"]
[EventDate "2008.04.08"]
[EventType "swiss"]
[EventRounds "9"]
[EventCountry "ROU"]
[SourceTitle "EXT 2013"]
[Source "ChessBase"]
[SourceDate "2012.11.22"]
[SourceVersion "1"]
[SourceVersionDate "2012.11.22"]
[SourceQuality "1"]

1. e4 e5 2. Nf3 Nf6 3. Nc3 Nc6 4. d3 d6 5. Be3 Be7 6. Qd2 0-0 7. Be2 Be6 8. 0-0 Qd7 9. Rad1 Rad8 10. a3 d5 11. b4 d4 12. b5 dxe3 13. Qxe3 Nd4 14. Nxd4 exd4 15. Qd2 dxc3 16. Qxc3 Bd6 17. e5 Be7 18. exf6 Bxf6 19. Qa5 Ra8 20. Bf3 c6 21. bxc6 bxc6 22. Qa6 Bd5 23. Bxd5 Qxd5 24. c4 Qd6 25. Rd2 Bg5 26. Re2 Qxd3 27. Rfe1 Bd2 28. Re3 Bxe3 29. Rxe3 Qb1+ 30. Re1 Qxe1# 0-1

[Event "ROM-ch U10 Boys"]
[Site "Voineasa"]
[Date "2008.04.13"]
[Round "3"]
[White "Stan, Antoniu"]
[Black "Panaite, Stefan"]
[Result "1-0"]
[WhiteElo "416"]
[BlackElo "401"]
[PlyCount "69"]
[EventDate "2008.04.08"]
[EventType "swiss"]
[EventRounds "9"]
[EventCountry "ROU"]
[SourceTitle "EXT 2013"]
[Source "ChessBase"]
[SourceDate "2012.11.22"]
[SourceVersion "1"]
[SourceVersionDate "2012.11.22"]
[SourceQuality "1"]

1. e4 e5 2. Nf3 Nc6 3. d4 exd4 4. Nxd4 Nxd4 5. Qxd4 Qe7 6. Nc3 Qc5 7. Be3 Qb4 8. Qe5+ Qe7 9. Qxc7 d6 10. Qxe7+ Nxe7 11. 0-0-0 Bg4 12. f3 Bd7 13. Rxd6 Nf5 14. Rd3 Nxe3 15. Rxe3 Be6 16. Bb5+ Bd7 17. Bxd7+ Kxd7 18. Rd1+ Ke6 19. Nb5 Rc8 20. Red3 Bc5 21. Nd6 Bxd6 22. Rxd6+ Ke5 23. R1d5+ Kf4 24. Rf5+ Ke3 25. Rd3+ Kf2 26. f4 Rhd8 27. Rxd8 Rxd8 28. Rxf7 Ke2 29. b3 Rd1+ 30. Kb2 Rd4 31. e5 Kd1 32. e6 Rd2 33. Rd7 Rxd7 34. exd7 Ke2 35. d8Q 1-0